000 01067nam a22002657a 4500
008 130821s2006 sp a gr spa
020 _a8474763991
040 _aCO-BoUCM
_bspa
_cAngélica Rojas
_dAldemar Mondragón
041 0 0 _aspa
100 1 _aBernardi, Fabrizio
_d1970-
_935224
245 1 0 _aAnálisis de la historia de acontecimientos
_cFabrizio Bernardi
260 _aMadrid (España)
_bCentro de Investigaciones Sociológicas
_c2006
300 _a168 páginas
_bilustraciones, cuadros
_e1 CD-ROM
490 0 _aCuadernos Metodológicos
_v38
504 _aIncluye referencias bibliográficas
650 7 _aCiencias sociales
_xMétodos estadísticos
_935228
650 7 _aHistoria
_xMétodos estadísticos
_935226
650 7 _aHistoria
_xProcesamiento de datos
_935229
650 7 _aMetodología en ciencias sociales
_935230
650 7 _aMetodología en historia
_935227
690 _aHistoriografía
710 2 _aCentro de Investigaciones Sociológicas. CIS
_929162
942 _cLIBRO
_a21
_e1
_mB523a
_2DEWEY
_h901
999 _c166172
_d166172